Principles of intuitionism

Αποθηκεύτηκε σε:
Λεπτομέρειες βιβλιογραφικής εγγραφής
Κύριος συγγραφέας: Troelstra, A. S. (Anne Sjerp)
Μορφή: Βιβλίο
Γλώσσα:English
Δημοσίευση: Berlin : Springer-Verlag, 1969.
Σειρά:Lecture notes in mathematics (Springer-Verlag) 95
Θέματα:
Ετικέτες: Προσθήκη ετικέτας
Δεν υπάρχουν, Καταχωρήστε ετικέτα πρώτοι!

MARC

LEADER 00000cam a2200000 i 4500
001 1/36756
008 941103s1969 gw | ||| |||| ||eng||
035 |a 1987  |l 10040323 
040 |a GR-MyUa  |b gre  |e AACR2 
041 0 |a eng 
082 0 |a 511.22   |2 (22) 
082 0 |a 511.36   |2 (23) 
100 1 |a Troelstra, A. S.   |q (Anne Sjerp) 
245 1 0 |a Principles of intuitionism /   |c A.S. Troelstra. 
260 |a Berlin :   |b Springer-Verlag,   |c 1969. 
300 |a 111 σ. ;   |c 28 εκ. 
490 1 |a (Lecture notes in mathematics ;   |v 95) 
500 |a Lectures presented at the summer conference on Intuitionism and Proof theory (1968) at SUNY at Buffalo, N.Y. 
504 |a Βιβλιογραφία: σ. 108-111. 
650 0 |a Intuitionistic mathematics. 
830 0 |a Lecture notes in mathematics (Springer-Verlag)  |v 95 
852 |a INST  |b SAMOS  |e 19941103  |h 511.22 TRO  |p 005300001797  |q 005300001797  |t BK  |y 0 
852 |a INST  |b SYROS  |e 20200108  |h 511.36 TRO  |p 005500013919  |q 005500013919  |t BK  |y 0